|
|
|
|
| LEADER |
00000nam0a2200000 4500 |
| 001 |
28095 |
| 005 |
20231101205832.0 |
| 010 |
|
|
|a 5020030864
|
| 035 |
|
|
|a (RuTPU)RU\TPU\book\28351
|
| 035 |
|
|
|a BOOK00028426
|
| 090 |
|
|
|a 28095
|
| 100 |
|
|
|a 20011209d1993 k y0rusy50 ca
|
| 101 |
0 |
|
|a rus
|
| 102 |
|
|
|a RU
|
| 105 |
|
|
|a afo 001|y
|
| 200 |
1 |
|
|a Нижний карбон московской синеклизы и воронежской антеклизы
|f РАН, Ком. по геологии и использ. недр при Правительстве РФ
|
| 210 |
|
|
|a Москва
|c Наука
|d 1993
|
| 215 |
|
|
|a 221 с.
|c ил.
|e Прил.: фотографии + 2 листа отд. табл.
|
| 320 |
|
|
|a Библиогр.: с. 169-214.
|
| 610 |
1 |
|
|a геология
|
| 610 |
1 |
|
|a каменноугольные отложения
|
| 610 |
1 |
|
|a стратиграфия
|
| 610 |
1 |
|
|a Московская область
|
| 610 |
1 |
|
|a Воронежская область
|
| 610 |
1 |
|
|a синеклизы
|
| 610 |
1 |
|
|a антеклизы
|
| 610 |
1 |
|
|a история
|
| 675 |
|
|
|a 551.735.1
|v 3
|
| 712 |
0 |
2 |
|a Российская академия наук (РАН)
|2 stltpush
|3 (RuTPU)RU\TPU\col\51
|
| 712 |
0 |
1 |
|a Российская Федерация
|b Комитет по геологии и использованию недр
|2 stltpush
|3 (RuTPU)RU\TPU\col\195
|9 23265
|
| 801 |
|
0 |
|a RU
|b 63413507
|c 20011209
|g PSBO
|
| 801 |
|
2 |
|a RU
|b 63413507
|c 20090519
|g PSBO
|
| 942 |
|
|
|c BK
|